[Event "Bunratty Masters 2008"]
[Site "Bunratty IRL"]
[Date "2008.02.22"]
[Round "1"]
[White "Baburin, Alexander"]
[Black "Armstrong, Malcolm J."]
[Result "1-0"]
[WhiteTitle "GM"]
[WhiteElo "2542"]
[BlackElo "2109"]
[WhiteICU "2556"]
[WhiteClub "Kilkenny"]
[WhiteNationality "IRL"]
[BlackNationality "ENG"]
[WhiteFideId "2500914"]
[BlackFideId "409049"]
[PlyCount "43"]
[EventDate "2008.02.22"]
[Source "TWIC 696"]

{ Event information: <a
href="https://www.irlchess.com/bunratty2008_allfiles/pairings_bunratty2008.html">Tournament
report</a>. }

1. d4 e6 2. c4 b6 3. a3 Bb7 4. Nc3 g6 5. e4 d6 6. Nf3 Bg7 7. Bd3 Nd7 8. O-O
Ne7 9. Be3 a6 10. Rc1 h6 11. b4 g5 12. d5 e5 13. c5 bxc5 14. bxc5 dxc5 15.
Na4 f5 16. Nxc5 Nxc5 17. Bxc5 g4 18. Nh4 Nxd5 19. Nxf5 Nf4 20. Bc4 Qf6 21.
Qa4+ c6 22. Nd6+ 1-0

[Event "Bunratty Masters 2008"]
[Site "Bunratty IRL"]
[Date "2008.02.22"]
[Round "1"]
[White "Crichton, Martin"]
[Black "Gunnarsson, Jon"]
[Result "1/2-1/2"]
[BlackTitle "IM"]
[WhiteElo "2019"]
[BlackElo "2429"]
[WhiteNationality "IRL"]
[BlackNationality "ISL"]
[WhiteFideId "2500973"]
[BlackFideId "2300931"]
[PlyCount "61"]
[EventDate "2008.02.22"]
[Source "TWIC 696"]
[BlackFullName "Gunnarsson, J&oacute;n"]

{ Event information: <a
href="https://www.irlchess.com/bunratty2008_allfiles/pairings_bunratty2008.html">Tournament
report</a>. }

1. e4 c5 2. Nc3 Nc6 3. g3 g6 4. Bg2 Bg7 5. f4 d6 6. d3 Nd4 7. Nce2 e6 8. c3
Nxe2 9. Qxe2 Ne7 10. Nf3 b5 11. O-O a5 12. d4 cxd4 13. Nxd4 Ba6 14. Rd1 b4
15. c4 O-O 16. Be3 Rb8 17. b3 Qd7 18. Qf2 Rfd8 19. Rd2 e5 20. fxe5 dxe5 21.
Nf5 Qe6 22. Nxg7 Kxg7 23. Rad1 Rxd2 24. Qxd2 Nc6 25. Bh6+ Kg8 26. Qd6 Qxd6
27. Rxd6 Bb7 28. Be3 Ra8 29. Rd7 Bc8 30. Rc7 Nd8 31. Rc5 1/2-1/2

[Event "Bunratty Masters 2008"]
[Site "Bunratty IRL"]
[Date "2008.02.22"]
[Round "1"]
[White "Fox, Anthony"]
[Black "Pert, Nick"]
[Result "0-1"]
[BlackTitle "GM"]
[WhiteElo "2100"]
[BlackElo "2528"]
[WhiteICU "2105"]
[WhiteClub "Dun Laoghaire"]
[WhiteNationality "IRL"]
[BlackNationality "ENG"]
[WhiteFideId "2500736"]
[BlackFideId "403989"]
[PlyCount "86"]
[EventDate "2008.02.22"]
[Source "TWIC 696"]

{ Event information: <a
href="https://www.irlchess.com/bunratty2008_allfiles/pairings_bunratty2008.html">Tournament
report</a>. }

1. e4 e6 2. Nc3 d5 3. Nf3 d4 4. Ne2 c5 5. c3 Nf6 6. e5 Nfd7 7. cxd4 cxd4 8.
Nexd4 Nxe5 9. Nxe5 Qxd4 10. Bb5+ Nd7 11. Nxd7 Bxd7 12. Bxd7+ Qxd7 13. O-O
Be7 14. d4 O-O 15. Be3 Bf6 16. Qg4 Rfd8 17. Rfd1 Rac8 18. Rd2 Qc6 19. Rad1
Rd5 20. h4 h5 21. Qe4 Rcd8 22. b3 e5 23. Rd3 exd4 24. Bg5 Re8 25. Qf3 Be5
26. Rc1 Qd7 27. g3 g6 28. a4 Bg7 29. Bf4 Rf5 30. Qd1 Rc8 31. Rxc8+ Qxc8 32.
Qe2 Rc5 33. Qe4 Qc6 34. Qxc6 bxc6 35. Bd2 Rc2 36. Kg2 c5 37. Kf3 f5 38. Ke2
Kf7 39. Kd1 Ra2 40. Kc1 c4 41. bxc4 Rxa4 42. Rb3 Rxc4+ 43. Kb2 Rc7 0-1

[Event "Bunratty Masters 2008"]
[Site "Bunratty IRL"]
[Date "2008.02.22"]
[Round "1"]
[White "Hanly, Steven"]
[Black "McPhillips, Karl"]
[Result "0-1"]
[WhiteElo "2020"]
[BlackElo "2206"]
[WhiteICU "1972"]
[BlackICU "2236"]
[WhiteClub "Shannon"]
[BlackClub "Kilkenny"]
[WhiteNationality "IRL"]
[BlackNationality "IRL"]
[WhiteFideId "2502232"]
[BlackFideId "2501503"]
[PlyCount "84"]
[EventDate "2008.02.22"]
[Source "TWIC 696"]

{ Event information: <a
href="https://www.irlchess.com/bunratty2008_allfiles/pairings_bunratty2008.html">Tournament
report</a>. }

1. d4 d5 2. Nf3 Nc6 3. Bf4 Bg4 4. e3 f6 5. Bb5 e6 6. h3 Bh5 7. O-O Bd6 8.
Bxd6 Qxd6 9. a3 Ne7 10. Nbd2 O-O 11. c4 a6 12. c5 Qd7 13. Bd3 Bxf3 14. Nxf3
e5 15. dxe5 fxe5 16. e4 Kh8 17. exd5 Qxd5 18. Qc2 Rxf3 19. Be4 Qb3 20. gxf3
Qe6 21. Kh1 Nd4 22. Qd3 Rf8 23. Rg1 Nd5 24. Rg4 Nf4 25. Rxf4 Rxf4 26. Rg1
c6 27. Rg4 Qf6 28. Rg3 g5 29. Kg2 h5 30. Qd1 Kg7 31. b4 Kh6 32. a4 Qe7 33.
Qd3 Qe6 34. Bh7 Qf7 35. Be4 Qb3 36. Qxb3 Nxb3 37. b5 axb5 38. axb5 cxb5 39.
Bxb7 Nxc5 40. Bc6 b4 41. Kh2 Nb3 42. Rg1 Nd4 0-1

[Event "Bunratty Masters 2008"]
[Site "Bunratty IRL"]
[Date "2008.02.22"]
[Round "1"]
[White "Murphy, Dara"]
[Black "Quinn, Rory"]
[Result "0-1"]
[WhiteElo "1956"]
[BlackElo "2024"]
[WhiteICU "1863"]
[BlackICU "2122"]
[BlackClub "Ennis"]
[WhiteNationality "IRL"]
[BlackNationality "IRL"]
[WhiteFideId "2501783"]
[BlackFideId "2501643"]
[PlyCount "42"]
[EventDate "2008.02.22"]
[Source "TWIC 696"]

{ Event information: <a
href="https://www.irlchess.com/bunratty2008_allfiles/pairings_bunratty2008.html">Tournament
report</a>. }

1. e4 Nc6 2. d4 d5 3. e5 f6 4. f4 Nh6 5. Bb5 Bd7 6. Nf3 Nxe5 7. Nxe5 Bxb5
8. a4 Bd7 9. Nf3 e6 10. O-O Bd6 11. c4 dxc4 12. Qe2 O-O 13. Qxc4 Qe7 14.
Re1 Rae8 15. d5 Qf7 16. dxe6 Bxe6 17. Qd4 Qh5 18. b4 Bd5 19. Nbd2 a5 20.
Ba3 axb4 21. Bxb4 c5 0-1

[Event "Bunratty Masters 2008"]
[Site "Bunratty IRL"]
[Date "2008.02.22"]
[Round "1"]
[White "Orr, Mark J. L."]
[Black "Short, Stephen"]
[Result "0-1"]
[Termination "time forfeit"]
[WhiteTitle "IM"]
[WhiteElo "2258"]
[BlackElo "2033"]
[WhiteICU "2235"]
[BlackICU "1807"]
[WhiteClub "Wandering Dragons SCO"]
[WhiteNationality "IRL"]
[BlackNationality "IRL"]
[WhiteFideId "2500035"]
[BlackFideId "2500108"]
[PlyCount "92"]
[EventDate "2008.02.22"]
[Source "TWIC 696"]

{ Event information: <a
href="https://www.irlchess.com/bunratty2008_allfiles/pairings_bunratty2008.html">Tournament
report</a>. }

1. d4 Nf6 2. c4 g6 3. Nc3 Bg7 4. e4 d6 5. Be2 O-O 6. Nf3 e5 7. O-O Nc6 8.
d5 Ne7 9. b4 Nh5 10. Re1 f5 11. Nd2 Nf6 12. f3 f4 13. c5 g5 14. a4 h5 15.
Ba3 Ne8 16. Nc4 Rf6 17. b5 Rg6 18. h3 Kh8 19. a5 g4 20. fxg4 hxg4 21. Bxg4
Bxg4 22. hxg4 Ng8 23. Qf3 Nh6 24. Nd2 Rxg4 25. Nf1 Qh4 26. Ne2 Rg5 27. Rec1
Rh5 28. g3 fxg3 29. Nexg3 Rg5 30. Rc2 Nf6 31. Bc1 Rg6 32. Rh2 Qg4 33. Qxg4
Nxg4 34. Rc2 Nf6 35. Ra4 Rg8 36. cxd6 cxd6 37. Kf2 Nd7 38. Ba3 Ng4+ 39. Ke2
Bh6 40. Rc7 Ngf6 41. Nf5 Rg2+ 42. Ke1 Bf8 43. Bxd6 Bxd6 44. Nxd6 Rb2 45.
Ra3 Rb1+ 46. Kf2 Ng4+ { (Time) } 0-1

[Event "Bunratty Masters 2008"]
[Site "Bunratty IRL"]
[Date "2008.02.22"]
[Round "1"]
[White "Osborne, Sam"]
[Black "Heidenfeld, Mark"]
[Result "1/2-1/2"]
[BlackTitle "IM"]
[WhiteElo "1986"]
[BlackElo "2343"]
[WhiteICU "2045"]
[BlackICU "2382"]
[WhiteClub "St. Benildus"]
[BlackClub "Kilkenny"]
[WhiteNationality "IRL"]
[BlackNationality "IRL"]
[WhiteFideId "2501791"]
[BlackFideId "2500990"]
[PlyCount "96"]
[EventDate "2008.02.22"]
[Source "TWIC 696"]

{ Event information: <a
href="https://www.irlchess.com/bunratty2008_allfiles/pairings_bunratty2008.html">Tournament
report</a>. }

1. e4 e6 2. d4 d5 3. Nc3 dxe4 4. Nxe4 Nf6 5. Nxf6+ Qxf6 6. Nf3 h6 7. g3 c5
8. Bg2 Nc6 9. Be3 Be7 10. O-O O-O 11. c3 Rd8 12. Qe2 cxd4 13. Nxd4 Bd7 14.
Nxc6 Bxc6 15. Bxc6 bxc6 16. Rfd1 Qf5 17. Rxd8+ Bxd8 18. Qa6 Qb5 19. Qxb5
cxb5 20. Rd1 Bf6 21. Rd7 a5 22. Rb7 b4 23. cxb4 axb4 24. Rxb4 Rxa2 25. b3
Bc3 26. Rb7 e5 27. Kg2 f5 28. h4 h5 29. b4 Rb2 30. b5 Bd4 31. Kf3 Rb3 32.
b6 Kh7 33. Rb8 Kg6 34. b7 Bxe3 35. fxe3 Rb2 36. Re8 e4+ 37. Kf4 Rxb7 38.
Re6+ Kf7 39. Rc6 Rb3 40. Rc7+ Kf6 41. Rc6+ Kf7 42. Rc7+ Kg8 43. Re7 Kf8 44.
Ra7 Rd3 45. Rc7 g6 46. Rb7 Ra3 47. Rh7 Rb3 48. Ra7 Rc3 1/2-1/2

[Event "Bunratty Masters 2008"]
[Site "Bunratty IRL"]
[Date "2008.02.22"]
[Round "1"]
[White "Thorfinnsson, Bjorn"]
[Black "Cafolla, Peter"]
[Result "1-0"]
[WhiteTitle "FM"]
[WhiteElo "2364"]
[BlackElo "2048"]
[BlackICU "1976"]
[BlackClub "Rathmines"]
[WhiteNationality "ISL"]
[BlackNationality "IRL"]
[WhiteFideId "2300982"]
[BlackFideId "2500884"]
[PlyCount "45"]
[EventDate "2008.02.22"]
[Source "TWIC 696"]
[WhiteFullName "&THORN;orfinnsson, Bj&ouml;rn"]

{ Event information: <a
href="https://www.irlchess.com/bunratty2008_allfiles/pairings_bunratty2008.html">Tournament
report</a>. }

1. d4 d5 2. c4 e6 3. Nc3 c5 4. cxd5 exd5 5. Nf3 Nc6 6. g3 Nf6 7. Bg2 Be7 8.
O-O O-O 9. Bg5 cxd4 10. Nxd4 Re8 11. e3 Ne4 12. Bxe7 Nxc3 13. Bxd8 Nxd1 14.
Bc7 Nxb2 15. Bxd5 Nxd4 16. exd4 Re7 17. Rfe1 Be6 18. Bd6 Bxd5 19. Rxe7 Nc4
20. Bf4 b5 21. Rae1 Kf8 22. Rc7 a6 23. Rc5 1-0

[Event "Bunratty Masters 2008"]
[Site "Bunratty IRL"]
[Date "2008.02.22"]
[Round "1"]
[White "Wolferink, Frans"]
[Black "Murray, David B."]
[Result "0-1"]
[WhiteElo "2131"]
[BlackElo "1990"]
[BlackClub "Gonzaga"]
[WhiteNationality "NED"]
[BlackNationality "IRL"]
[WhiteFideId "1003917"]
[BlackFideId "2501511"]
[PlyCount "80"]
[EventDate "2008.02.22"]
[Source "TWIC 696"]

{ Event information: <a
href="https://www.irlchess.com/bunratty2008_allfiles/pairings_bunratty2008.html">Tournament
report</a>. }

1. e4 e5 2. Nf3 Nc6 3. d4 exd4 4. Bc4 Nf6 5. e5 d5 6. Bb5 Nd7 7. O-O Bc5 8.
Bxc6 bxc6 9. Bg5 Be7 10. Nxd4 Bb7 11. Bxe7 Qxe7 12. e6 fxe6 13. Nxe6 Nf6
14. Re1 Ne4 15. Qg4 Rg8 16. Nc3 Bc8 17. Nxe4 Bxe6 18. Qxe6 Qxe6 19. Nf6+
Kf7 20. Rxe6 Kxe6 21. Nxg8 Rxg8 22. Re1+ Kd6 23. Re3 Rb8 24. b3 Rf8 25. Rh3
h6 26. Rg3 Rf7 27. Rg6+ Kc5 28. Re6 a5 29. a4 Rf6 30. Rxf6 gxf6 31. Kf1 Kb4
32. Ke2 Kc3 33. Kd1 c5 34. g4 c4 35. bxc4 Kxc4 36. h4 Kd4 37. Ke2 Ke4 38.
c3 Kf4 39. f3 c5 40. h5 d4 0-1

[Event "Bunratty Masters 2008"]
[Site "Bunratty IRL"]
[Date "2008.02.23"]
[Round "2"]
[White "Aoustin, Arnaud"]
[Black "Baburin, Alexander"]
[Result "0-1"]
[BlackTitle "GM"]
[WhiteElo "2130"]
[BlackElo "2542"]
[BlackICU "2556"]
[BlackClub "Kilkenny"]
[WhiteNationality "FRA"]
[BlackNationality "IRL"]
[WhiteFideId "655805"]
[BlackFideId "2500914"]
[PlyCount "86"]
[EventDate "2008.02.22"]
[Source "TWIC 696"]

{ Event information: <a
href="https://www.irlchess.com/bunratty2008_allfiles/pairings_bunratty2008.html">Tournament
report</a>. }

1. e4 Nf6 2. e5 Nd5 3. d4 d6 4. c4 Nb6 5. f4 Bf5 6. Nc3 e6 7. Be3 Na6 8.
Be2 c5 9. Nf3 Be7 10. O-O O-O 11. Rc1 dxe5 12. dxe5 Nb4 13. Qb3 a5 14. Rfd1
Qe8 15. Rd2 a4 16. Qd1 a3 17. b3 Qc6 18. Nb5 Rad8 19. Qf1 f6 20. Qf2 Rxd2
21. Bxd2 Rd8 22. Qe3 Qe4 23. Nh4 fxe5 24. Nxf5 exf5 25. fxe5 Nd7 26. e6 Ne5
27. Nc3 Qd4 28. Qxd4 cxd4 29. Nd5 Nxd5 30. cxd5 d3 31. Bf4 dxe2 32. Bxe5
Rxd5 33. Rc8+ Bf8 34. Bc3 Rc5 35. Rxf8+ Kxf8 36. Bb4 Ke8 37. Kf2 Rc2 38.
Bxa3 Rxa2 39. Bb4 g5 40. Bc5 f4 41. b4 b5 42. g3 f3 43. Bd6 Ra1 0-1

[Event "Bunratty Masters 2008"]
[Site "Bunratty IRL"]
[Date "2008.02.23"]
[Round "2"]
[White "Armstrong, Malcolm J."]
[Black "Hanly, Steven"]
[Result "1/2-1/2"]
[WhiteElo "2109"]
[BlackElo "2020"]
[BlackICU "1972"]
[BlackClub "Shannon"]
[WhiteNationality "ENG"]
[BlackNationality "IRL"]
[WhiteFideId "409049"]
[BlackFideId "2502232"]
[PlyCount "100"]
[EventDate "2008.02.22"]
[Source "TWIC 696"]

{ Event information: <a
href="https://www.irlchess.com/bunratty2008_allfiles/pairings_bunratty2008.html">Tournament
report</a>. }

1. d4 e6 2. Nf3 Nf6 3. c4 Bb4+ 4. Nbd2 O-O 5. e3 d5 6. Bd3 dxc4 7. Bxc4 b6
8. a3 Be7 9. O-O Bb7 10. Qe2 Nbd7 11. b4 c5 12. bxc5 bxc5 13. Rb1 Rb8 14.
Bb2 Ba8 15. Rfd1 cxd4 16. Bxd4 Qc7 17. a4 Bd6 18. h3 Ne5 19. Bb5 Nxf3+ 20.
Nxf3 Nd5 21. Rbc1 Qb7 22. Rc6 Qe7 23. Rc2 a5 24. Be5 Bxe5 25. Nxe5 Rbc8 26.
Rdc1 Rxc2 27. Rxc2 Nb4 28. Rd2 Rd8 29. Qd1 Rxd2 30. Qxd2 g6 31. Qd7 Qxd7
32. Bxd7 Bd5 33. f3 Kf8 34. e4 Bb3 35. Kf2 f6 36. Ng4 Ke7 37. Bb5 Nc2 38.
Ke2 Nd4+ 39. Kd3 e5 40. Ne3 Nxb5 41. axb5 Kd6 42. Nc4+ Bxc4+ 43. Kxc4 g5
44. g3 h5 45. g4 h4 46. b6 Kc6 47. b7 Kxb7 48. Kb5 a4 49. Kxa4 Ka6 50. Kb4
Kb6 1/2-1/2

[Event "Bunratty Masters 2008"]
[Site "Bunratty IRL"]
[Date "2008.02.23"]
[Round "2"]
[White "Cafolla, Peter"]
[Black "Wolferink, Frans"]
[Result "0-1"]
[WhiteElo "2048"]
[BlackElo "2131"]
[WhiteICU "1976"]
[WhiteClub "Rathmines"]
[WhiteNationality "IRL"]
[BlackNationality "NED"]
[WhiteFideId "2500884"]
[BlackFideId "1003917"]
[PlyCount "68"]
[EventDate "2008.02.22"]
[Source "TWIC 696"]

{ Event information: <a
href="https://www.irlchess.com/bunratty2008_allfiles/pairings_bunratty2008.html">Tournament
report</a>. }

1. d4 g6 2. c4 Nf6 3. Nc3 d5 4. Bg5 Bg7 5. Bxf6 Bxf6 6. cxd5 c6 7. e3 cxd5
8. Bd3 Nc6 9. Qb3 e6 10. Nf3 O-O 11. O-O Bd7 12. Rfe1 Rc8 13. Rac1 Na5 14.
Qd1 Qb6 15. Qe2 Nc4 16. Rc2 Rc7 17. Rec1 Rfc8 18. Nd1 Nd6 19. Nc3 a6 20.
Nd2 Be7 21. Nf3 Be8 22. Ne5 Qa5 23. Rb1 Bb5 24. Rbc1 Bc4 25. Bxc4 Nxc4 26.
Nxc4 Rxc4 27. e4 Bf6 28. exd5 exd5 29. Rd1 Bxd4 30. Rcd2 Bxc3 31. Rxd5 Qxa2
32. Rd8+ Rxd8 33. Rxd8+ Kg7 34. g3 Bf6 0-1

[Event "Bunratty Masters 2008"]
[Site "Bunratty IRL"]
[Date "2008.02.23"]
[Round "2"]
[White "Collins, Sam"]
[Black "Crichton, Martin"]
[Result "1-0"]
[WhiteTitle "IM"]
[WhiteElo "2394"]
[BlackElo "2019"]
[WhiteICU "2368"]
[WhiteClub "Gonzaga"]
[WhiteNationality "IRL"]
[BlackNationality "IRL"]
[WhiteFideId "2501198"]
[BlackFideId "2500973"]
[PlyCount "89"]
[EventDate "2008.02.22"]
[Source "TWIC 696"]

{ Event information: <a
href="https://www.irlchess.com/bunratty2008_allfiles/pairings_bunratty2008.html">Tournament
report</a>. }

1. Nf3 Nf6 2. c4 c5 3. Nc3 Nc6 4. d4 cxd4 5. Nxd4 Nxd4 6. Qxd4 g6 7. e4 d6
8. Bg5 Bg7 9. Qd2 h5 10. Be2 Qa5 11. Bxf6 Bxf6 12. Nd5 Qxd2+ 13. Kxd2 O-O
14. Nxf6+ exf6 15. Rad1 f5 16. exf5 Bxf5 17. Kc3 Rfe8 18. Bf3 Rad8 19. Rd4
Rd7 20. Rhd1 Red8 21. R1d2 Kf8 22. b4 Ke7 23. Re2+ Kf8 24. h3 Re8 25. Red2
Red8 26. Rd1 Ke7 27. Re1+ Kf8 28. a3 Re8 29. Red1 Red8 30. Rh1 Ke7 31. Bd1
Be6 32. Bb3 Rc7 33. Kb2 Rdc8 34. Re1 Rc6 35. a4 Kf8 36. Rc1 a6 37. Rc2 Ke7
38. Re2 Kf8 39. Ree4 Ke7 40. Rd2 Kf8 41. b5 Rc5 42. Rxd6 Bxc4 43. bxa6 Bxa6
44. Rf4 R8c7 45. Rxg6 1-0

[Event "Bunratty Masters 2008"]
[Site "Bunratty IRL"]
[Date "2008.02.23"]
[Round "2"]
[White "Delaney, Killian"]
[Black "Fitzsimons, David"]
[Result "0-1"]
[WhiteElo "1984"]
[BlackElo "2147"]
[WhiteICU "2001"]
[BlackICU "2115"]
[WhiteClub "Rathmines"]
[BlackClub "Elm Mount"]
[WhiteNationality "IRL"]
[BlackNationality "IRL"]
[WhiteFideId "2501570"]
[BlackFideId "2501961"]
[PlyCount "72"]
[EventDate "2008.02.22"]
[Source "TWIC 696"]

{ Event information: <a
href="https://www.irlchess.com/bunratty2008_allfiles/pairings_bunratty2008.html">Tournament
report</a>. }

1. e4 c5 2. c3 d5 3. exd5 Qxd5 4. d4 Nf6 5. Nf3 a6 6. Qb3 Qxb3 7. axb3 e6
8. dxc5 Bxc5 9. b4 Ba7 10. Be2 Nbd7 11. O-O b5 12. Bf4 Bb7 13. Nbd2 Ke7 14.
Ne5 Nb6 15. Be3 Rhd8 16. Bc5+ Ke8 17. Nb3 Na4 18. Bxa7 Rxa7 19. Nd4 Rd5 20.
f4 Nd7 21. Bf3 Rd6 22. Nc4 bxc4 23. Rxa4 Bxf3 24. Rxf3 Rb7 25. Ra5 Rbb6 26.
Rc5 Nxc5 27. bxc5 Rxd4 28. cxd4 Rxb2 29. Rc3 Kd7 30. Rxc4 Kc6 31. g3 a5 32.
h3 Rb4 33. Rc1 Rxd4 34. Kf2 Rd5 35. Rb1 Rxc5 36. g4 a4 0-1

[Event "Bunratty Masters 2008"]
[Site "Bunratty IRL"]
[Date "2008.02.23"]
[Round "2"]
[White "Heidenfeld, Mark"]
[Black "Galligan, Brian"]
[Result "1/2-1/2"]
[WhiteTitle "IM"]
[WhiteElo "2343"]
[BlackElo "2041"]
[WhiteICU "2382"]
[BlackICU "1931"]
[WhiteClub "Kilkenny"]
[WhiteNationality "IRL"]
[BlackNationality "IRL"]
[WhiteFideId "2500990"]
[BlackFideId "2501619"]
[PlyCount "52"]
[EventDate "2008.02.22"]
[Source "TWIC 696"]

{ Event information: <a
href="https://www.irlchess.com/bunratty2008_allfiles/pairings_bunratty2008.html">Tournament
report</a>. }

1. e4 c6 2. d4 d5 3. Nc3 dxe4 4. Nxe4 Bf5 5. Ng3 Bg6 6. h4 h6 7. Nh3 Nf6 8.
Nf4 Bh7 9. Bc4 e5 10. dxe5 Qa5+ 11. c3 Qxe5+ 12. Nge2 Qc7 13. Nd4 Bd6 14.
Qe2+ Qe7 15. Qxe7+ Kxe7 16. O-O Re8 17. Re1+ Kf8 18. Rxe8+ Kxe8 19. Bd2 Kf8
20. Re1 Nbd7 21. Nfe6+ Kg8 22. Bf4 Bxf4 23. Nxf4 Re8 24. Rxe8+ Nxe8 25. Bd3
Bxd3 26. Nxd3 Nd6 1/2-1/2

[Event "Bunratty Masters 2008"]
[Site "Bunratty IRL"]
[Date "2008.02.23"]
[Round "2"]
[White "Johannesson, Ingvar Thor"]
[Black "Osborne, Sam"]
[Result "1-0"]
[WhiteTitle "FM"]
[WhiteElo "2338"]
[BlackElo "1986"]
[BlackICU "2045"]
[BlackClub "St. Benildus"]
[WhiteNationality "ISL"]
[BlackNationality "IRL"]
[WhiteFideId "2301490"]
[BlackFideId "2501791"]
[PlyCount "61"]
[EventDate "2008.02.22"]
[Source "TWIC 696"]
[WhiteFullName "J&oacute;hannesson, Ingvar &THORN;or"]

{ Event information: <a
href="https://www.irlchess.com/bunratty2008_allfiles/pairings_bunratty2008.html">Tournament
report</a>. }

1. d4 Nf6 2. c4 c5 3. d5 d6 4. Nc3 e6 5. e4 exd5 6. cxd5 g6 7. f3 Bg7 8.
Nge2 O-O 9. Ng3 Na6 10. Be2 Nc7 11. O-O Bd7 12. Be3 Nfe8 13. f4 Qe7 14. Qd2
b6 15. Rad1 Qd8 16. Bf3 Rb8 17. Nce2 Bb5 18. Rfe1 Ba4 19. b3 Bd7 20. b4 Na6
21. a3 Nec7 22. Bf2 Re8 23. Rb1 Qf6 24. bxc5 bxc5 25. Qa5 Qd8 26. e5 Rb5
27. Rxb5 Bxb5 28. Ne4 f5 29. Nxd6 Bxe2 30. Bxe2 Nxd5 31. Qxa6 1-0

[Event "Bunratty Masters 2008"]
[Site "Bunratty IRL"]
[Date "2008.02.23"]
[Round "2"]
[White "Jones, Gawain"]
[Black "Bjornsson, Gunnar"]
[Result "1/2-1/2"]
[WhiteTitle "GM"]
[WhiteElo "2562"]
[BlackElo "2149"]
[WhiteICU "2481"]
[WhiteNationality "ENG"]
[BlackNationality "ISL"]
[WhiteFideId "409561"]
[BlackFideId "2302039"]
[PlyCount "100"]
[EventDate "2008.02.22"]
[Source "TWIC 696"]
[BlackFullName "Bj&ouml;rnsson, Gunnar"]

{ Event information: <a
href="https://www.irlchess.com/bunratty2008_allfiles/pairings_bunratty2008.html">Tournament
report</a>. }

1. e4 c5 2. Nc3 g6 3. Nf3 Bg7 4. d4 cxd4 5. Nxd4 Nc6 6. Be3 Nf6 7. Bc4 O-O
8. Bb3 Ng4 9. Qxg4 Nxd4 10. Qd1 Nxb3 11. axb3 Bxc3+ 12. bxc3 Qc7 13. Qd2 b5
14. h4 Bb7 15. h5 Bxe4 16. f3 Qg3+ 17. Kf1 Bxf3 18. Rh3 Bxg2+ 19. Qxg2
Qxg2+ 20. Kxg2 Rfc8 21. Rah1 g5 22. Bxg5 f6 23. Bd2 Kf7 24. Rg3 d5 25. Kf3
b4 26. Rhg1 e5 27. Rg7+ Ke6 28. Rxh7 bxc3 29. Be1 a5 30. Rg4 d4 31. Ke2 a4
32. bxa4 Rxa4 33. Rg6 Ra2 34. Rhh6 Kd5 35. Rxf6 Rxc2+ 36. Kd3 Rc1 37. Rd6+
Kc5 38. Bh4 e4+ 39. Kxe4 c2 40. Rd5+ Kc4 41. Rxd4+ Kc3 42. Rd3+ Kc4 43.
Rd4+ Kc3 44. Rdd6 Rc4+ 45. Ke3 Rxh4 46. Rc6+ Rc4 47. Rxc4+ Kxc4 48. Kd2 Rh1
49. Kxc2 Kd5 50. Ra6 Ke5 1/2-1/2

[Event "Bunratty Masters 2008"]
[Site "Bunratty IRL"]
[Date "2008.02.23"]
[Round "2"]
[White "Lyons, Brendan"]
[Black "O'Shea, Kevin"]
[Result "1/2-1/2"]
[WhiteElo "2115"]
[BlackElo "2035"]
[WhiteICU "1876"]
[BlackICU "1923"]
[WhiteClub "St. Benildus"]
[BlackClub "Douglas"]
[WhiteNationality "IRL"]
[BlackNationality "IRL"]
[WhiteFideId "2500698"]
[BlackFideId "2501902"]
[PlyCount "30"]
[EventDate "2008.02.22"]
[Source "TWIC 696"]

{ Event information: <a
href="https://www.irlchess.com/bunratty2008_allfiles/pairings_bunratty2008.html">Tournament
report</a>. }

1. e4 c5 2. f4 d5 3. exd5 Qxd5 4. Nc3 Qd8 5. Nf3 Nf6 6. Bc4 e6 7. O-O Be7
8. d3 O-O 9. Ne5 a6 10. a4 Nbd7 11. Be3 Nd5 12. Bxd5 exd5 13. Nxd5 Nxe5 14.
Nxe7+ Qxe7 15. fxe5 Qxe5 1/2-1/2